000
00219nam a22000857a 4500
008
160629b xxu||||| |||| 00| 0 eng d
100
_9
1415
_a
Rajaramaan, D
245
_a
Computer A Child's Play
260
_a
N.D
_b
Prentice
_c
1986
999
_c
1171
_d
1171